<?xml version="1.0" encoding="UTF-8"?>
<record
    xmlns:xsi="http://www.w3.org/2001/XMLSchema-instance"
    xsi:schemaLocation="http://www.loc.gov/MARC21/slim http://www.loc.gov/standards/marcxml/schema/MARC21slim.xsd"
    xmlns="http://www.loc.gov/MARC21/slim">

  <leader>00580nam a22001337a 4500</leader>
  <datafield tag="040" ind1=" " ind2=" ">
    <subfield code="c">RUA </subfield>
  </datafield>
  <datafield tag="082" ind1=" " ind2=" ">
    <subfield code="a">AGR SAN 1997 B019 Or.1</subfield>
  </datafield>
  <datafield tag="100" ind1=" " ind2=" ">
    <subfield code="a">SANN BOONNA </subfield>
  </datafield>
  <datafield tag="245" ind1=" " ind2=" ">
    <subfield code="a">Pilot farmer field school on cabbage in cambodia &#x1780;&#x17B6;&#x179A;&#x179F;&#x17B6;&#x1780;&#x179B;&#x17D2;&#x1794;&#x1784;&#x1794;&#x17BE;&#x1780;&#x179F;&#x17B6;&#x179B;&#x17B6;&#x179A;&#x17C0;&#x1793;&#x1785;&#x17C6;&#x1780;&#x17B6;&#x179A;&#x1780;&#x179F;&#x17B7;&#x1780;&#x179A;&#x179B;&#x17BE;&#x178A;&#x17C6;&#x178E;&#x17B6;&#x17C6;&#x179F;&#x17D2;&#x1796;&#x17C3;&#x1780;&#x17D2;&#x178A;&#x17C4;&#x1794;&#x1793;&#x17C5;&#x1794;&#x17D2;&#x179A;&#x1791;&#x17C1;&#x179F;&#x1780;&#x1798;&#x17D2;&#x1796;&#x17BB;&#x1787;&#x17B6;</subfield>
  </datafield>
  <datafield tag="260" ind1=" " ind2=" ">
    <subfield code="a">Phnom Penh</subfield>
    <subfield code="b">RUA</subfield>
    <subfield code="c">1997</subfield>
  </datafield>
  <datafield tag="300" ind1=" " ind2=" ">
    <subfield code="a">73p.</subfield>
    <subfield code="b">ill.</subfield>
    <subfield code="c">29cm.</subfield>
  </datafield>
  <datafield tag="856" ind1=" " ind2=" ">
    <subfield code="u">https://drive.google.com/file/d/1iZA2jMV-_hd438RRHKpsDER-42qQKFz5/view?usp=sharing</subfield>
  </datafield>
  <datafield tag="942" ind1=" " ind2=" ">
    <subfield code="c">AGR</subfield>
  </datafield>
  <datafield tag="999" ind1=" " ind2=" ">
    <subfield code="c">330</subfield>
    <subfield code="d">330</subfield>
  </datafield>
  <datafield tag="952" ind1=" " ind2=" ">
    <subfield code="0">0</subfield>
    <subfield code="1">0</subfield>
    <subfield code="2">ddc</subfield>
    <subfield code="4">0</subfield>
    <subfield code="6">AGR_SAN_1997_000000000000000_B019_OR_1</subfield>
    <subfield code="7">0</subfield>
    <subfield code="9">1532</subfield>
    <subfield code="a">LBB</subfield>
    <subfield code="b">LBB</subfield>
    <subfield code="c">B018</subfield>
    <subfield code="d">2015-09-12</subfield>
    <subfield code="o">AGR SAN 1997 B019 Or.1</subfield>
    <subfield code="p">RUA003231</subfield>
    <subfield code="r">2015-09-12</subfield>
    <subfield code="w">2015-09-12</subfield>
    <subfield code="y">AGR</subfield>
  </datafield>
  <datafield tag="952" ind1=" " ind2=" ">
    <subfield code="0">0</subfield>
    <subfield code="1">0</subfield>
    <subfield code="2">ddc</subfield>
    <subfield code="4">0</subfield>
    <subfield code="6">AGR_SAN_1997_000000000000000_B019_OR_2</subfield>
    <subfield code="7">0</subfield>
    <subfield code="9">1533</subfield>
    <subfield code="a">LBB</subfield>
    <subfield code="b">LBB</subfield>
    <subfield code="c">B018</subfield>
    <subfield code="d">2015-09-12</subfield>
    <subfield code="o">AGR SAN 1997 B019 Or.2</subfield>
    <subfield code="p">RUA003299</subfield>
    <subfield code="r">2015-09-12</subfield>
    <subfield code="w">2015-09-12</subfield>
    <subfield code="y">AGR</subfield>
  </datafield>
  <datafield tag="952" ind1=" " ind2=" ">
    <subfield code="0">0</subfield>
    <subfield code="1">0</subfield>
    <subfield code="2">ddc</subfield>
    <subfield code="4">0</subfield>
    <subfield code="6">AGR_SAN_1997_000000000000000_B019_OR_3</subfield>
    <subfield code="7">0</subfield>
    <subfield code="9">1534</subfield>
    <subfield code="a">LBB</subfield>
    <subfield code="b">LBB</subfield>
    <subfield code="c">B018</subfield>
    <subfield code="d">2015-09-12</subfield>
    <subfield code="l">1</subfield>
    <subfield code="o">AGR SAN 1997 B019 Or.3</subfield>
    <subfield code="p">RUA003543</subfield>
    <subfield code="r">2019-11-01</subfield>
    <subfield code="s">2019-10-21</subfield>
    <subfield code="w">2015-09-12</subfield>
    <subfield code="y">AGR</subfield>
  </datafield>
  <datafield tag="952" ind1=" " ind2=" ">
    <subfield code="0">0</subfield>
    <subfield code="1">0</subfield>
    <subfield code="2">ddc</subfield>
    <subfield code="4">0</subfield>
    <subfield code="6">AGR_SAN_1997_000000000000000_B019_OR_4</subfield>
    <subfield code="7">0</subfield>
    <subfield code="9">1535</subfield>
    <subfield code="a">LBB</subfield>
    <subfield code="b">LBB</subfield>
    <subfield code="c">B018</subfield>
    <subfield code="d">2015-09-12</subfield>
    <subfield code="o">AGR SAN 1997 B019 Or.4</subfield>
    <subfield code="p">RUA003544</subfield>
    <subfield code="r">2015-09-12</subfield>
    <subfield code="w">2015-09-12</subfield>
    <subfield code="y">AGR</subfield>
  </datafield>
  <datafield tag="952" ind1=" " ind2=" ">
    <subfield code="0">0</subfield>
    <subfield code="1">0</subfield>
    <subfield code="2">ddc</subfield>
    <subfield code="4">0</subfield>
    <subfield code="6">AGR_SAN_1997_000000000000000_B019_OR_5</subfield>
    <subfield code="7">0</subfield>
    <subfield code="9">1536</subfield>
    <subfield code="a">LBB</subfield>
    <subfield code="b">LBB</subfield>
    <subfield code="c">B018</subfield>
    <subfield code="d">2015-09-12</subfield>
    <subfield code="o">AGR SAN 1997 B019 Or.5</subfield>
    <subfield code="p">RUA003406</subfield>
    <subfield code="r">2015-09-12</subfield>
    <subfield code="w">2015-09-12</subfield>
    <subfield code="y">AGR</subfield>
  </datafield>
  <datafield tag="952" ind1=" " ind2=" ">
    <subfield code="0">0</subfield>
    <subfield code="1">0</subfield>
    <subfield code="2">ddc</subfield>
    <subfield code="4">0</subfield>
    <subfield code="6">AGR_SAN_1997_000000000000000_B019_OR_6</subfield>
    <subfield code="7">0</subfield>
    <subfield code="9">1537</subfield>
    <subfield code="a">LBB</subfield>
    <subfield code="b">LBB</subfield>
    <subfield code="c">B018</subfield>
    <subfield code="d">2015-09-12</subfield>
    <subfield code="l">4</subfield>
    <subfield code="o">AGR SAN 1997 B019 Or.6</subfield>
    <subfield code="p">RUA003190</subfield>
    <subfield code="r">2021-01-27</subfield>
    <subfield code="s">2021-01-11</subfield>
    <subfield code="w">2015-09-12</subfield>
    <subfield code="y">AGR</subfield>
  </datafield>
  <datafield tag="952" ind1=" " ind2=" ">
    <subfield code="0">0</subfield>
    <subfield code="1">0</subfield>
    <subfield code="2">ddc</subfield>
    <subfield code="4">0</subfield>
    <subfield code="6">AGR_SAN_1997_000000000000000_B019_OR_7</subfield>
    <subfield code="7">0</subfield>
    <subfield code="9">1538</subfield>
    <subfield code="a">LBB</subfield>
    <subfield code="b">LBB</subfield>
    <subfield code="c">B018</subfield>
    <subfield code="d">2015-09-12</subfield>
    <subfield code="o">AGR SAN 1997 B019 Or.7</subfield>
    <subfield code="p">RUA003046</subfield>
    <subfield code="r">2015-09-12</subfield>
    <subfield code="w">2015-09-12</subfield>
    <subfield code="y">AGR</subfield>
  </datafield>
  <datafield tag="952" ind1=" " ind2=" ">
    <subfield code="0">0</subfield>
    <subfield code="1">0</subfield>
    <subfield code="2">ddc</subfield>
    <subfield code="4">0</subfield>
    <subfield code="6">AGR_SAN_1997_000000000000000_B019_OR_8</subfield>
    <subfield code="7">0</subfield>
    <subfield code="9">1539</subfield>
    <subfield code="a">LBB</subfield>
    <subfield code="b">LBB</subfield>
    <subfield code="c">B018</subfield>
    <subfield code="d">2015-09-12</subfield>
    <subfield code="o">AGR SAN 1997 B019 Or.8</subfield>
    <subfield code="p">RUA003405</subfield>
    <subfield code="r">2015-09-12</subfield>
    <subfield code="w">2015-09-12</subfield>
    <subfield code="y">AGR</subfield>
  </datafield>
  <datafield tag="952" ind1=" " ind2=" ">
    <subfield code="0">0</subfield>
    <subfield code="1">0</subfield>
    <subfield code="2">ddc</subfield>
    <subfield code="4">0</subfield>
    <subfield code="6">AGR_SAN_1997_000000000000000_B1_194_OR_1</subfield>
    <subfield code="7">0</subfield>
    <subfield code="9">76381</subfield>
    <subfield code="a">LBB</subfield>
    <subfield code="b">LBB</subfield>
    <subfield code="c">B1.194</subfield>
    <subfield code="d">2018-12-21</subfield>
    <subfield code="o">AGR SAN 1997 B1.194 Or.1</subfield>
    <subfield code="p">A41154</subfield>
    <subfield code="r">2018-12-21</subfield>
    <subfield code="w">2018-12-21</subfield>
    <subfield code="y">AGR</subfield>
  </datafield>
</record>
